书目信息 |
| 题名: |
CoreIDRAW 10金典案例教程
|
|
| 作者: | ;飞思科技产品研发中心 编著 | |
| 分册: | ||
| 出版信息: | 北京 电子工业出版社 2001.9 |
|
| 页数: | 259页 | |
| 开本: | 26cm | |
| 丛书名: | ||
| 单 册: | ||
| 中图分类: | TP391.41 | |
| 科图分类: | ||
| 主题词: | 计算机应用 | |
| 电子资源: | ||
| ISBN: | 7-5053-6994-6 | |
| 000 | 00661nam0 2200193 45 | |
| 001 | 0229397615 | |
| 005 | 2002052008095760 | |
| 010 | @a7-5053-6994-6@dRMB 24.00 | |
| 100 | @a20020520d2001 km y0chiy0120 ea | |
| 101 | 0 | @achi |
| 102 | @aCN@b110000 | |
| 200 | 1 | @aCoreIDRAW 10金典案例教程@ACoreIDRAW 10 Jin Dian An Li Jiao Cheng@f飞思科技产品研发中心编著@FFei Si Ke Ji Chan Pin Yan Fa Zhong Xin Bian Zhu |
| 210 | @a北京@c电子工业出版社@d2001.9 | |
| 215 | @a259页@d26cm | |
| 606 | 0 | @a计算机应用 |
| 690 | @aTP391.41@v3 | |
| 711 | 0 | @a飞思科技产品研发中心@AFei Si Ke Ji Chan Pin Yan Fa Zhong Xin@4编著 |
| 801 | 0 | @aCN@bPFT@c20020520 |
| 905 | @a安徽大学@dTP391.41@eF313 | |
| CoreIDRAW 10金典案例教程/飞思科技产品研发中心编著.-北京:电子工业出版社,2001.9 |
| 259页;26cm |
| ISBN 7-5053-6994-6:RMB 24.00 |
| ● |
| 相关链接 |
|
|
|
正题名:CoreIDRAW 10金典案例教程
索取号:TP391.41/F313
 
预约/预借
| 序号 | 登录号 | 条形码 | 馆藏地/架位号 | 状态 | 备注 |
| 1 | 354825 | 203548250 | 自科库301/ [索取号:TP391.41/F313] | 在馆 | |
| 2 | 354826 | 203548269 | 自科二线404/301自科库 62排6列4层/ [索取号:TP391.41/F313] | 在馆 |